000
00485nam a2200157Ia 4500
008
090124s9999 xx 000 0 und d
082
_b
36002
245
_a
खुळखुळणारी हाडे
250
_a
1
260
_b
स्वप्न प्रकाशन
_c
1999
300
_a
216
630
_a
खुळखुळणारी हाडे
700
_a
भावे अपर्णा
730
_a
खुळखुळणारी हाडे
942
_c
BOOK
999
_c
101998
_d
101998